Instituciones de derecho civil (Registro nro. 3569)

Detalles MARC
000 -LEADER
fixed length control field 01608 a2200205 4500
001 - CONTROL NUMBER
control field 42044
005 - DATE AND TIME OF LATEST TRANSACTION
control field 20260407155711.0
008 - FIXED-LENGTH DATA ELEMENTS--GENERAL INFORMATION
fixed length control field 260407a1974 arg spa d
003 - CONTROL NUMBER IDENTIFIER
control field AR-UNSa-BCEJYS
040 ## - CATALOGING SOURCE
Original cataloging agency AR-UNSa-BCEJYS
Language of cataloging spa
Transcribing agency AR-UNSa-BCEJYS
080 ## - UNIVERSAL DECIMAL CLASSIFICATION NUMBER
Universal Decimal Classification number 347.44
Common auxiliary subdivision Contratos en general. Obligaciones
041 ## - LANGUAGE CODE
Language code of text/sound track or separate title spa
100 1# - MAIN ENTRY--PERSONAL NAME
Personal name Spota, Alberto G.
245 10 - TITLE STATEMENT
Title Instituciones de derecho civil
Name of part/section of a work contratos
264 #1 - PRODUCTION, PUBLICATION, DISTRIBUTION, MANUFACTURE, AND COPYRIGHT NOTICE
Place of production, publication, distribution, manufacture Buenos Aires :
Name of producer, publisher, distributor, manufacturer Ediciones Depalma
Date of production, publication, distribution, manufacture, or copyright notice 1974
300 ## - PHYSICAL DESCRIPTION
Extent 5 v. (337 ; 402 ; 653 ; 710 ; 533 p.)
Dimensions 23 cm.
505 ## - FORMATTED CONTENTS NOTE
Formatted contents note Vol. I: 1. Introducción a la doctrina general del contrato - 2. Ambito de aplicación del contrato - 3. Clasificaciones de los contratos - 4. Formación del contrato -- Vol. II: 5. Antecontrato. Autocontrato. Interpretación contractual - 6. Capacidad para contratar -- Vol. III: 7. Causa y objeto de los contratos - 8. La forma en los contratos - 9. La prueba en los contratos - 10. Efectos de los contratos entre las partes. Situación de los sucesores singulares y de los terceros - 11. Fuerza obligatoria de los contratos - 12. Estipulaciones en favor de tercero, a cargo de tercero y a nombre de tercero - 13. Acción subrogatoria y acción directa - 14. Excepciones de incumplimiento y pacto comisorio - 15. Causales de resolución y extinción de los contratos -- Vol. IV: 16. Compraventa y permuta - 17. Efectos de la compraventa - 18. Cesión de créditos - 19. Locación de cosas -- Vol. V: 20. Locación de cosas - 21. Locación de servicios (contrato de trabajo) - 22. Locación de obra -
590 ## - LOCAL NOTE (RLIN)
Local note niveau_biblio:m niveau_hierar:0
942 ## - ADDED ENTRY ELEMENTS (KOHA)
Koha item type
Existencias
Withdrawn status Lost status Damaged status Not for loan Home library Current library Shelving location Date acquired Total checkouts Full call number Barcode Date last seen Price effective from Koha item type
        Biblioteca Prof. Eusebio Cleto del Rey Biblioteca Prof. Eusebio Cleto del Rey   07/04/2026   347.44 S765 v.1 L87272 07/04/2026 07/04/2026 Libro
        Biblioteca Prof. Eusebio Cleto del Rey Biblioteca Prof. Eusebio Cleto del Rey   07/04/2026   347.44 S765 v.2 L87273 07/04/2026 07/04/2026 Libro
        Biblioteca Prof. Eusebio Cleto del Rey Biblioteca Prof. Eusebio Cleto del Rey   07/04/2026   347.44 S765 v.3 L87215 07/04/2026 07/04/2026 Libro
        Biblioteca Prof. Eusebio Cleto del Rey Biblioteca Prof. Eusebio Cleto del Rey   07/04/2026   347.44 S765 v.4 L87216 07/04/2026 07/04/2026 Libro
        Biblioteca Prof. Eusebio Cleto del Rey Biblioteca Prof. Eusebio Cleto del Rey   07/04/2026   347.44 S765 v.5 L87217 07/04/2026 07/04/2026 Libro